Series on Emission Scenario Documents Transport and Storage of Chemicals

Ebook from OECD

Na minha lista:
Detalhes bibliográficos
Outros Autores: OECD
Formato: Livro
Idioma:Undetermined
Publicado em: OECD 2014
Assuntos:
Acesso em linha:http://lrc.tdmu.edu.vn/opac/search/detail.asp?aID=2&ID=40464
Tags: Adicionar Tag
Sem tags, seja o primeiro a adicionar uma tag!
Thư viện lưu trữ: Trung tâm Học liệu Trường Đại học Thủ Dầu Một
LEADER 00675nam a2200193Ia 4500
001 TDMU_40464
008 210410s9999 xx 000 0 und d
082 |a 895.9223014 
245 0 |a Series on Emission Scenario Documents 
245 0 |b Transport and Storage of Chemicals 
245 0 |c OECD 
260 |b OECD 
260 |c 2014 
300 |a 178tr 
520 |a Ebook from OECD 
650 |a Emission Scenario  |x Transport and Storage of Chemicals; Hóa học  |x Hóa chất  |x Vận chuyển  |x Lưu trữ 
700 |a OECD 
856 |u http://lrc.tdmu.edu.vn/opac/search/detail.asp?aID=2&ID=40464 
980 |a Trung tâm Học liệu Trường Đại học Thủ Dầu Một